Hands on sociology: using computers to learn about society. / (Record no. 2286)

MARC details
000 -LEADER
fixed length control field 00949nam a22001457a 4500
008 - FIXED-LENGTH DATA ELEMENTS--GENERAL INFORMATION
fixed length control field 120831t xxu||||| |||| 00| 0 eng d
020 ## - INTERNATIONAL STANDARD BOOK NUMBER
International Standard Book Number 0079115942
050 ## - LIBRARY OF CONGRESS CALL NUMBER
Classification number HM51.F32
100 ## - MAIN ENTRY--PERSONAL NAME
Personal name Feigelman, William
245 ## - TITLE STATEMENT
Title Hands on sociology: using computers to learn about society. /
Statement of responsibility, etc. William Feigelman
260 ## - PUBLICATION, DISTRIBUTION, ETC.
Place of publication, distribution, etc. New York:
Name of publisher, distributor, etc. McGraw-Hill,
Date of publication, distribution, etc. 1993.
300 ## - PHYSICAL DESCRIPTION
Extent v,151 p:
Dimensions 25cm.
505 ## - FORMATTED CONTENTS NOTE
Formatted contents note Contents: Doing sociological research and using survey data -- How to use your student version of microcase with your computer -- Getting started: Analyzing the correlates of abortion attitudes -- Some finer points in doing crosstabulating analyses -- Culture -- Socialization -- Social satisfaction -- Race and ethnic relations -- Urbanization -- The American family -- Appendix A: Distribution of chi-square probabilities -- Appendix B: List of variable labels -- Appendix C: List of variables, descriptions, and values quick reference.
942 ## - ADDED ENTRY ELEMENTS (KOHA)
Source of classification or shelving scheme Library of Congress Classification
Koha item type Books
Holdings
Withdrawn status Lost status Source of classification or shelving scheme Damaged status Not for loan Home library Current library Shelving location Date acquired Total Checkouts Full call number Barcode Date last seen Copy number Price effective from Koha item type
    Library of Congress Classification     WISCONSIN INTERNATIONAL UNIVERSITY COLLEGE, GHANA - MAIN LIBRARY WISCONSIN INTERNATIONAL UNIVERSITY COLLEGE, GHANA - MAIN LIBRARY General Stacks 31/08/2012   HM51.F32 3315/12 31/08/2012 1 31/08/2012 Books

If you have any concerns or questions; kindly contact the library


© Powered by WIUC ICT DIRECTORATE